000 00814nam a22002777a 4500
003 CHAP
005 20220329140805.0
008 971013s1948 r 00010 d
010 _a57667
011 _a58639
035 _a62794
040 _cCHAP
082 _a631.3
_bS83 1948
100 0 0 _aStapledon, R. George
_eed.
_9109474
245 _aFarming and mechanised agriculture
260 _aLondon :
_bTodd,
_c1948
300 _a403 p.
_b: ilus.
590 _aBATCH-UPD
_b10
_c20130110
_lUCH01
_h0728
590 _aBATCH-UPD
_b10
_c20130410
_lUCH01
_h0412
590 _aBATCH-UPD
_b10
_c20130914
_lUCH01
_h1758
590 _aCONVERSION
_b10
_c20130109
_lUCH01
_h1331
650 1 4 _aMaquinaria agrícola.
_971151
901 _aBK
942 _cLIBRO
949 _a631.3 S83 1948
_bBC
_cBPA
_d-134551
_eBPA
_h20882
_i62794
_si
999 _c57667
_d57667